000
00308nam a2200133Ia 4500
100
_a
Banks/Alex/ Porcello/Eve
942
_c
BK
366
_f
20
654
_a
React
245
_a
learning React: Functional web development with react and Redux
260
_b
#N/A
_c
2021
300
_a
335
546
_a
ENGLISH
999
_c
22684
_d
22684